| 000 | 01437cam a22002294a 4500 | ||
|---|---|---|---|
| 005 | 20250605164039.0 | ||
| 008 | 250528s ||||||||||||||||||||||||d | ||
| 035 | _a16926 | ||
| 020 | _a673992411 | ||
| 040 |
_aGR-AtMCL _bgre _dGR-AtMCL _eAACR2 |
||
| 245 | 1 | _aAbnormal Psychology and Modern Life / Tenth Edition | |
| 250 | _a10th | ||
| 260 |
_bHarper Collins College Publishers, _c1996 |
||
| 300 | _a834 | ||
| 520 | _aPreface, Perspectives on Abnormal Behavior, Historical Views of Abnormal Behavior, Causal Factors and Viewpoints in Abnormal Psychology, Patterns of Abnormal (Maladaptive) Behavior, Stress and Adjustment Disorders, Panic and Anxiety and Their Disorders, Mood Disorders and Suicide, Somatoform and Dissociative Disorders, Psychological Factors and Physical Illness, Personality Disorders, Substance-Related and Other Addictive Disorders, Sexual Variants and Abuse and Dysfunctions, The Schizophrenias and Delusional Disorders, Brain Disorders and Other Cognitive Impairments, Disorders of Childhood and Adolescence, Assessment and Treatment and Prevention, Clinical Assessment, Biologically Based Therapies, Psychologically Based Therapies, Contemporary Issues in Abnormal Psychology, Glossary, References, Acknowledgements, Name and Subject Index. | ||
| 700 | 1 |
_aButcher James N _93025 |
|
| 700 | 1 |
_aCarson Robert C _93026 |
|
| 700 | 1 |
_aMineka Susan _93027 |
|
| 942 | _cBK | ||
| 999 |
_c2371 _d2371 |
||